Advanced Technology Warfare: (Record no. 7827)

000 -LEADER
fixed length control field 00737nam a2200181 4500
008 - FIXED-LENGTH DATA ELEMENTS--GENERAL INFORMATION
fixed length control field 151007b xxu||||| |||| 00| 0 eng d
020 ## - INTERNATIONAL STANDARD BOOK NUMBER
International Standard Book Number 0517558505
050 ## - LIBRARY OF CONGRESS CALL NUMBER
Classification number UF 500 .F75 1985
100 ## - MAIN ENTRY--PERSONAL NAME
Personal name Friedman, Col. Richard S.
Dates associated with a name 1985
245 ## - TITLE STATEMENT
Title Advanced Technology Warfare:
Remainder of title A detailed study of the latest weapons and techniques for warfare today and into the 21st Century/
Statement of responsibility, etc. Col. Richard S. Friedman, Lt. Col. David Miller and Doug Richardson:
260 ## - PUBLICATION, DISTRIBUTION, ETC. (IMPRINT)
Place of publication, distribution, etc. New York;
Name of publisher, distributor, etc. Harmony Books,
Date of publication, distribution, etc. 1985.
300 ## - PHYSICAL DESCRIPTION
Extent 208p.: ill.
Other physical details Includes Index,
650 ## - SUBJECT ADDED ENTRY--TOPICAL TERM
Topical term or geographic name as entry element Weapons Systems
650 ## - SUBJECT ADDED ENTRY--TOPICAL TERM
Topical term or geographic name as entry element Command and Control Systems
700 ## - ADDED ENTRY--PERSONAL NAME
Personal name Miller, Lt. Col. David
700 ## - ADDED ENTRY--PERSONAL NAME
Personal name Richardson, Doug
942 ## - ADDED ENTRY ELEMENTS (KOHA)
Source of classification or shelving scheme
Koha item type Hard Covered Materials
Classification part UF 500 .F75 1985
Holdings
Withdrawn status Lost status Source of classification or shelving scheme Damaged status Not for loan Home library Current library Date acquired Source of acquisition Total Checkouts Full call number Barcode Date last seen Price effective from Koha item type
          MACHAKOS UNIVERSITY LIBRARY MACHAKOS UNIVERSITY LIBRARY 07/10/2015 Donation (B.F.A)   UF 500 .F75 1985 13705 06/06/2019 07/10/2015 Hard Covered Materials
© Machakos University Library, Along The Highway, Machakos Wote Rd, Machakos, Kenya P.O. Box 136 - 90100 Machakos - Kenya

Tel: ( +254 ) 723 805829 OR Fax : 044-20353 OR Email: library@mksu.ac.ke